| 000 | 00822nam a2200193 a 4500 | ||
|---|---|---|---|
| 999 |
_c7628 _d7628 |
||
| 003 | OSt | ||
| 005 | 20260515062531.0 | ||
| 008 | 020909s2002 spcado || o000 ||cat | ||
| 040 |
_aCDMR _bcat _c0 |
||
| 100 |
_94816 _aEncinas, Pepe |
||
| 245 | 0 | 0 |
_aSumari Xavier Vinader [Recurs electrònic] / _cFotos: Pepe Encinas |
| 260 |
_a[S.l. : _bs.n., _c200-?] |
||
| 300 |
_a1 disc òptic : _b53 fotos; _c12 cm |
||
| 505 | _aConté fotografies del sumari del judici militar a Xavier Vinader el 1977 a causa de la seva entrevista a Oriol Arnau, l’advocat defensor de Salvador Puig Antich, publicada a la revista Arreu. Finalment es decretà el sobreseïment de la causa. | ||
| 600 | 1 | 0 |
_aVinader i Sánchez, Xavier _92970 |
| 630 | 0 |
_94817 _aArreu (Revista) |
|
| 650 | 0 |
_94150 _aLlibertat d'impremta _zEspanya _y1977 |
|
| 942 |
_2udc _cADV |
||